000 00586nam a2200181Ia 4500
005 20250508162404.0
008 008 250505s9999 xx 000 0 eng d
037 _aDissertations
040 _aFEDL
_beng
_cFEDL
041 _aeng
_2eng
084 _a500.7, VAR/DI
_qFEDL
245 0 _aCritical review of researches in education completed in Delhi University (1949-77) with special emphasis on science education
260 _c1978
300 _a156p.
546 _aM.Ed. Dissertation (Delhi University)
942 _cDIS
_h500.7, VAR/DI
999 _c1376237
_d1376237